000 00797nam a22001217a 4500
040 _cRUA
100 _aLY HOU លី ហួ
245 _aSTUDY ON DRONE SURVEYING TO PRODUCE ORTHOPHOTO FOR CADASTRAL MAPPING IN SANGKAT VEAL SBOV, KHAN CHBAR AMPOV, PHNOM PENH សិក្សាអំពីការបង្ហោះដ្រូនកសាងផែនទីរូបថតORTHOPHOTO សម្រាប់ការកសាងផែនទីសុរិយោដីនៅក្នុងសង្កាត់វាលស្បូវ ខណ្ឌច្បារអំពៅ រាជធានីភ្នំពេញ
260 _aPHNOM PENH
_bRUA
_c2023
300 _aXI. 50P
_bVII.
_c29CM
856 _uhttps://drive.google.com/file/d/1fhbSLvZkxAlBh36WyfyJLY62VsmGlsDh/view?usp=sharing
942 _cLMA
999 _c23190
_d23190